00489nam a2200145Ia 4500008004100000041000800041082001600049100001400065245004500079260003800124300003100162365001200193999001500205952012300220240624s9999 xx 000 0 und d aeng a338.954 JHA aJHA VEENA aTRADE ENVIRONMENT AND SUSTAINABLE DEVELO c1997aLondonbMacmillan Press Ltd axiv, : 229 : p. : cm. ; 22 cBPSb25 c5110d5110 00104070aIMTNbIMTNcRack 14-Ad2007-04-25eAPg60.00o338.954 JHAp5110r2024-06-24 00:00:00t92.6w2024-06-24yBK